000 00416nam a2200181Ia 4500
001 5019
005 20260306145837.0
008 260306t2000||||xx |||||||||||||| ||spa||
041 _aESP
082 _a332.642
_bM26
100 _aMárquez Rantes, Jorge
_eAUT
245 0 _aBanca, mercado de capitales y seguros
260 _c2000
300 _a
_c
650 _aGEN
654 _aCAN
942 _cLIB
_dJUS
_fJUS
_2ddc
_n
999 _c5019
_d5019